| 000 | 00900nam a2200289 i 4500 | ||
|---|---|---|---|
| 001 | bg | ||
| 100 | 1 | _aWaźbińska, Jadwiga. | |
| 245 | 1 | 0 |
_aDrzewa i krzewy iglaste / _cJadwiga Waźbińska, Zdzisław Kawecki, Beata Płoszaj. |
| 250 | _aWyd. 2 uzup. | ||
| 260 |
_aOlsztyn : _bWydawnictwo Uniwersytetu Warmińsko-Mazurskiego, _c2008. |
||
| 300 |
_a182, [1] s. : _bil. kolor. ; _c24 cm. |
||
| 504 | _aBibliogr. s. 179. Indeks. | ||
| 650 | 9 | _aIglaste | |
| 655 | _aPodręczniki akademickie | ||
| 700 | 1 |
_aKawecki, Zdzisław _d(1938- ). |
|
| 700 | 1 | _aPłoszaj, Beata. | |
| 015 | _aPB 5484/2009 | ||
| 020 | _a9788372995711 | ||
| 040 | _cBPK | ||
| 041 | _apol | ||
| 044 | _aPOL | ||
| 080 | _a582.47(075.8) | ||
| 920 | _a978-83-7299-571-1 | ||
| 942 | _cKS | ||
| 008 | 090717s2008 pl a |001 0 pol | ||
| 999 |
_c56519 _d56519 |
||
| 856 |
_uhttp://koha.tu.koszalin.pl/cgi-bin/koha/opac-detail.pl?biblionumber=56519 _yKatalog online BPK |
||